00958nam a2200193 a 450000500170000000800410001704000250005804100080008304400070009124501820009826001420028030000570042250400560047965000510053565000520058665000410063870000480067970000370072720151210094303.0151210b2002 ck |||||r|||| 00| 0 spa d aCO-BoIAVHcCO-BoIAVH0 aspa ack10aMetodología para el diseño de un módulo de educación ambiental para pobladores de alta montaña / cTextos: María Eugenia Pineda Hernández y Antonio Navarro Durán aQuindío :bCRQ :bCVC :bCORTOLIMA :bCORPOCALDAS :bUnidad Administrativa Especial del Sistema de Parques Nacionales Naturales,c2002. a20 páginas :bilustraciones, tablas ;c27 x 21 cm. aIncluye referencias bibliográficas (página 20). 6aEducación AmbientalvMetodologíazColombia 4aEducación AmbientalxAlta montañazColombia 4aAlta montañaxPobladoreszColombia1 aPineda Hernández, María EugeniaeTextos1 aNavarro Durán, AntonioeTextos